SM&D - Révisions BTS COM #2 - Statistiques

Statistiques générales
  • Ce quiz a été pris 31 fois
  • Le résultat moyen est 26 sur 64
Statistiques - réponses
Hint Réponse % Correct
CGV Conditions Générales de Vente
100%
Entreprise qui vend des espaces publicitaires Régie
100%
Entreprise qui conseil en achat média Agence média
80%
O Orgueil
80%
Avantages
70%
CAB/P Caractéristiques
70%
Preuves
70%
SEA Search Engine Advertising
70%
affectif
60%
A Argent
60%
Bénéfices
60%
Citez les 3 objectif de communication cognitif
60%
conatif
60%
C Confort
60%
E Environnement
60%
N Nouveauté
60%
Ensemble des clients d’une agence ou régie portefeuille
60%
S Sécurité
60%
S Sympathie
60%
Éléments de preuves et de réassurance pour une régie, provenant de campagnes réalisés pour d'autres annonceurs best-cases
50%
Earned
50%
Mesure la performance écologique d’une page web en lui attribuant une note de A à G EcoIndex
50%
Document édité par une régie ayant pour but de la valoriser et de présenter ses solutions ou l'une d'entre elles kit media
50%
Nom de la règle du 80/20 Loi de pareto
50%
Owned
50%
POE Paid
50%
Loi qui vise à rendre le numérique plus écologique en encourageant la sobriété numérique REEN
50%
Classement des clients par secteurs analyse sectorielle
40%
GRP Gross rating point / point de pression publicitaire
40%
médiaplanning
40%
Étapes de la recommandation média rappel de la demande client
40%
recommandation stratégique
40%
Classement des clients par ordre croissant analyse verticale
30%
constats / toboggan
30%
faire acheter
30%
faire adhérer
30%
faire comprendre
30%
Étapes de la phase de vente faire connaitre
30%
faire revenir
30%
Résumé efficace d’informations client permettant une résolution rapide du problème de communication insight
30%
Synonyme de in-housing internalisation
30%
Ensemble des espaces publicitaires commercialisés par une régie inventaire
30%
Méthode qui mesure l’impact des actions marketing sur les ventes Mix Marketing Modeling
30%
Synonyme de sourcing prospection
30%
Ségmentation permettant de mesurer l’intérêt de chaque client, en fonction de son comportement d'achat RFM
30%
Avantages principaux de la TV (en pub) audience large / forte visibilité
20%
cher
20%
ciblage précis
20%
cibles
20%
Manifesto
20%
objectifs
20%
pression / encombrement publicitaire
20%
Inconvénients principaux de la TV (en pub) secteurs interdits
20%
Mesure de la façon dont l'activation de plusieurs media rend une campagne plus efficace sur les ventes. synergie media
20%
budget & media planning
10%
diversité de formats
10%
Étapes de la phase de conception identifier un besoin
10%
peak end / conclusion
10%
11 étapes de la présentation client : prise de contact
10%
problème de communication
10%
proposition
10%
rappel de la demande (brief)
10%
répondre au besoin
10%
résumé / overall
10%
Aucun quiz correspondant
Distribution des résultats
% des personnes avec chaque résultat
Percentile par nombre de réponses
Votre historique - résultats
Vous n’avez pas pris ce quiz